000 00450nam a2200097Ia 4500
008 180130s9999 xx 000 0 und d
245 _cNauwelaerts, Ysabel; Vijfeyken, Elena
_aThe effect of export promotion programs on export satisfaction: a study in the Flemish design sector
260 _c2013
300 _aBook title: Innovation and creativity : pillars of the future global economy--Acession number C17287; pages 126-154
650 _aGLOBAL ECONOMY
999 _c354584
_d354584